Bl thaï - guess the character hard - Statistics

General Stats
  • This quiz has been taken 4 times
  • The average score is 3 of 15
Answer Stats
Serie Actor Character % Correct
Middleman's Love Thomas Teetut Chungmanirat Gun
50%
Never let me go June Wanwimol Maggie
50%
Fish upon the Sky Mix Sahaphap Wongratch Mueang Nan
50%
Dark Blue Kiss Mek Jirakit Thawornwong Thada
50%
Kinnporsche Bas Asavapatr Ponpiboon Arm
25%
We are Godji Tatchakorn Boonlapayanan Pui
25%
My Engineer Perth Nakhun Screaigh Ram
25%
Theory of Love Earth Pirapat Watthanasetsiri Un
25%
Between us Santa Pongsapak Oudompoch View
25%
Love sea Aya Orapan Phongmaykin Kaimook
0%
Revamp Ciize Rutricha Phapakithi Mariah
0%
He She It Jeff Satur Mike
0%
That summer Gawin Caskey Natee | Paolo
0%
My Dream Seng Wichai Saefant Seng
0%
Be mine superstar Dada Warinda Damrongphol Somwan
0%
No matching quizzes found
Score Distribution
Percent of People with Each Score
Percentile by Number Answered
Your Score History
You have not taken this quiz